000 00395 a2200169 4500
003 Nust
005 20230223120031.0
040 _cNust
082 _a591,ANI
245 _aThe Animal World Vol.VI /
250 _aVol.VI
260 _achicago
_bThe World Inc
_c1989
300 _a158 p
538 _aAlmirah No.19 Shelf No.5
650 _aEncyclopedia of Science
_9109513
942 _2ddc
_cENC
999 _c176873
_d176873